000 00332 a2200109 4500
001 ART_19082
005 20260410161921.0
008 260409a
245 1 0 _aConstitucionalidad del principio "solve et repete"
100 1 _aJarach, Dino
773 0 _tLa información
_g- Tomo XXXIX, Nº 590 (feb. 1979)
_wREV14902
999 _c27674
_d27674